[Event "Oberliga Baden 1718"]
[Site "Baden"]
[Date "2017.10.08"]
[Round "1.3"]
[White "Schrepp, Martin"]
[Black "Milosevic, Goran"]
[Result "1/2-1/2"]
[WhiteElo "2243"]
[BlackElo "2321"]
[PlyCount "55"]
[EventDate "2017.10.08"]
[EventType "team-tourn"]
[EventRounds "9"]
[EventCountry "GER"]
[SourceTitle "EXT 2019"]
[Source "ChessBase"]
[SourceDate "2018.10.10"]
[SourceVersion "1"]
[SourceVersionDate "2018.10.10"]
[SourceQuality "1"]
[WhiteTeam "Ladenburg"]
[BlackTeam "Dreisamtal"]
[WhiteTeamCountry "GER"]
[BlackTeamCountry "GER"]

1. e4 c5 2. Nc3 Nc6 3. g3 g6 4. Bg2 Bg7 5. d3 e6 6. Be3 Nd4 7. Qd2 Ne7 8. Nd1 d6 9. c3 Ndc6 10. Bh6 0-0 11. Bxg7 Kxg7 12. Ne3 Rb8 13. h4 h6 14. Ne2 b5 15. f4 f6 16. 0-0 b4 17. c4 Nd4 18. Nxd4 cxd4 19. Ng4 f5 20. Nf2 Qc7 21. b3 Bd7 22. Rae1 fxe4 23. dxe4 e5 24. Nd3 a5 25. Rf2 Ng8 26. c5 exf4 27. cxd6 Qxd6 28. gxf4 1/2-1/2

[Event "Baden-ch op"]
[Site "Walldorf"]
[Date "2017.07.29"]
[Round "6"]
[White "Schrepp, Martin"]
[Black "Haas, Michael"]
[Result "1/2-1/2"]
[WhiteElo "2261"]
[BlackElo "2175"]
[PlyCount "41"]
[EventDate "2017.07.26"]
[EventType "swiss"]
[EventRounds "7"]
[EventCountry "GER"]
[SourceTitle "CBM 179 Extra"]
[Source "ChessBase"]
[SourceDate "2017.08.23"]
[SourceVersion "1"]
[SourceVersionDate "2017.08.23"]
[SourceQuality "1"]

1. e4 d5 2. Nc3 dxe4 3. Nxe4 Qd5 4. Nc3 Qa5 5. Bc4 c6 6. d3 Nf6 7. Bd2 Bf5 8. Nd5 Qd8 9. Nxf6+ gxf6 10. Ne2 e6 11. Ng3 Bg6 12. Qe2 Qc7 13. f4 Bd6 14. 0-0-0 Bxf4 15. Bxe6 Bxd2+ 16. Rxd2 fxe6 17. Qxe6+ Qe7 18. Qc8+ Qd8 19. Re1+ Kf7 20. Qxb7+ Nd7 21. Ne4 1/2-1/2

[Event "Verbandsliga Nordbaden 1516"]
[Site "Baden"]
[Date "2016.03.06"]
[Round "7.4"]
[White "Wenner, Tobias"]
[Black "Schrepp, Martin"]
[Result "1-0"]
[WhiteElo "2115"]
[BlackElo "2266"]
[PlyCount "51"]
[EventDate "2015.09.27"]
[EventType "team-tourn"]
[EventRounds "9"]
[EventCountry "GER"]
[SourceTitle "EXT 2022"]
[Source "ChessBase"]
[SourceDate "2021.10.06"]
[SourceVersion "1"]
[SourceVersionDate "2021.10.06"]
[SourceQuality "1"]
[WhiteTeam "Eppingen II"]
[BlackTeam "Ladenburg"]
[WhiteTeamCountry "GER"]
[BlackTeamCountry "GER"]

1. Nf3 g6 2. g3 Bg7 3. d4 d6 4. Bg2 Nd7 5. c4 e5 6. dxe5 dxe5 7. Nc3 Nh6 8. h4 f6 9. h5 g5 10. Be3 Nf5 11. Qd3 Nxe3 12. Qxe3 c6 13. 0-0-0 Qb6 14. Nd4 Nc5 15. h6 Bf8 16. Nc2 Be6 17. Qf3 Be7 18. Bh3 Bxc4 19. b4 Na6 20. Bd7+ Kf8 21. a3 Nb8 22. Qg4 Bf7 23. Be6 a5 24. Bxf7 Kxf7 25. Qc4+ Ke8 26. Qe6 1-0

[Event "Verbandsliga Nord Baden 1314"]
[Site "Germany"]
[Date "2014.04.13"]
[Round "9.2"]
[White "Schrepp, Martin"]
[Black "Raupp, Thomas"]
[Result "1/2-1/2"]
[WhiteElo "2270"]
[BlackElo "2310"]
[PlyCount "103"]
[EventDate "2013.10.20"]
[EventType "team-tourn"]
[EventRounds "9"]
[EventCountry "GER"]
[SourceTitle "EXT 2015"]
[Source "ChessBase"]
[SourceDate "2014.11.20"]
[SourceVersion "1"]
[SourceVersionDate "2014.11.20"]
[SourceQuality "1"]
[WhiteTeam "Ladenburg"]
[BlackTeam "Eppingen II"]
[WhiteTeamCountry "GER"]
[BlackTeamCountry "GER"]

1. Nf3 d5 2. g3 Bg4 3. Bg2 c6 4. d4 Nd7 5. 0-0 Ngf6 6. b3 e6 7. c4 Be7 8. Nc3 0-0 9. Bb2 Re8 10. Re1 Qa5 11. Qc1 Rad8 12. h3 Bh5 13. Nd2 Bg6 14. a3 Qa6 15. e4 dxe4 16. Ncxe4 Nxe4 17. Nxe4 Nf6 18. Nd2 c5 19. Nf3 Qb6 20. Qe3 Be4 21. b4 cxb4 22. c5 Qc7 23. axb4 a6 24. Bf1 Bd5 25. Ne5 Nd7 26. Nc4 Bxc4 27. Bxc4 Nf6 28. Qb3 Nd5 29. b5 axb5 30. Bxb5 Rf8 31. Bc4 Rd7 32. Ra7 Rb8 33. Rb1 Bf6 34. Ba1 Ne7 35. Bb5 Nc6 36. Bxc6 Qxc6 37. Qb5 Rbd8 38. Rxb7 Qxb5 39. R1xb5 Rxb7 40. Rxb7 Kf8 41. Rb4 Ke8 42. Kg2 Kd7 43. Kf3 Kc7 44. Bc3 Rb8 45. Rxb8 Kxb8 46. Ke4 Kc7 47. Bd2 Kc6 48. h4 g6 49. Be3 h5 50. f3 Bg7 51. Bf2 f5+ 52. Kd3 1/2-1/2

[Event "GER CupT Baden 3rd place"]
[Site "Baden"]
[Date "2013.07.21"]
[Round "5.2"]
[White "Filipovic, Branko"]
[Black "Schrepp, Martin"]
[Result "1/2-1/2"]
[WhiteElo "2366"]
[BlackElo "2272"]
[PlyCount "92"]
[EventDate "2013.04.28"]
[EventType "team-k.o."]
[EventRounds "1"]
[EventCountry "GER"]
[SourceTitle "EXT 2014"]
[Source "ChessBase"]
[SourceDate "2013.11.20"]
[SourceVersion "1"]
[SourceVersionDate "2013.11.20"]
[SourceQuality "1"]
[WhiteTeam "Dreisamtal"]
[BlackTeam "Ladenburg"]
[WhiteTeamCountry "GER"]
[BlackTeamCountry "GER"]

1. b3 b6 2. Bb2 Bb7 3. e3 e6 4. f4 Nf6 5. Nf3 Be7 6. Be2 0-0 7. 0-0 c5 8. d3 d6 9. Qe1 Nd5 10. Bd1 Bf6 11. c3 g6 12. Qd2 Nc6 13. e4 Nde7 14. Na3 Bg7 15. Bc2 f5 16. Ng5 Qd7 17. Rae1 Rae8 18. Bd1 h6 19. Nf3 Kh7 20. Nc2 Ng8 21. Ba1 Rd8 22. exf5 exf5 23. d4 Nf6 24. d5 Ne7 25. c4 Ne4 26. Qd3 Ng8 27. Nd2 Bxa1 28. Nxa1 Nxd2 29. Qxd2 Qg7 30. Bf3 Rfe8 31. a4 a5 32. Nc2 Qb2 33. Rb1 Qg7 34. Rfe1 Bc8 35. Qd3 Bd7 36. g3 Rxe1+ 37. Rxe1 Re8 38. Rxe8 Bxe8 39. Ne3 Bd7 40. Nf1 Qb2 41. Qe3 Kg7 42. h3 h5 43. Nd2 Kf7 44. Bg2 Qc1+ 45. Kf2 Nf6 46. Ke2 Qc2 1/2-1/2

[Event "Oberliga Baden 1213"]
[Site "Baden"]
[Date "2013.04.14"]
[Round "9.3"]
[White "Ruefenacht, Matthias"]
[Black "Schrepp, Martin"]
[Result "0-1"]
[WhiteElo "2350"]
[BlackElo "2263"]
[PlyCount "104"]
[EventDate "2012.10.14"]
[EventType "team-tourn"]
[EventRounds "9"]
[EventCountry "GER"]
[SourceTitle "EXT 2014"]
[Source "ChessBase"]
[SourceDate "2013.11.20"]
[SourceVersion "1"]
[SourceVersionDate "2013.11.20"]
[SourceQuality "1"]
[WhiteTeam "Brombach"]
[BlackTeam "Ladenburg"]
[WhiteTeamCountry "GER"]
[BlackTeamCountry "GER"]

1. e4 g6 2. d4 Bg7 3. Nf3 c6 4. Bd3 d5 5. e5 Nh6 6. c3 f6 7. Bf4 0-0 8. Nbd2 Nf7 9. exf6 exf6 10. 0-0 Re8 11. Qc2 Nd7 12. Rfe1 Nf8 13. Rxe8 Qxe8 14. Re1 Be6 15. c4 dxc4 16. Bxc4 Qd7 17. Nb3 Bxc4 18. Qxc4 Re8 19. Nc5 Rxe1+ 20. Nxe1 Qf5 21. Ned3 b6 22. Nb7 Qd7 23. Nd6 Ne6 24. Nxf7 Kxf7 25. Be3 Bf8 26. h3 Qd5 27. Qa6 Qd7 28. Nf4 Nxf4 29. Bxf4 Qxd4 30. Qxa7+ Be7 31. Be3 Qxb2 32. Bxb6 c5 33. g3 c4 34. Bc5 Qb1+ 35. Kh2 Qe1 36. Qc7 Qe5 37. Qxe5 fxe5 38. Be3 Ba3 39. Kg2 c3 40. Kf3 c2 41. Ke4 Ke6 42. f4 exf4 43. Bxf4 c1Q 44. Bxc1 Bxc1 45. a4 Bd2 46. g4 g5 47. h4 h6 48. Kd4 Ba5 49. Ke4 Bb6 50. h5 Ba5 51. Kd4 Bd8 52. Ke4 Bb6 0-1

[Event "Oberliga Baden 1213"]
[Site "Baden"]
[Date "2013.01.13"]
[Round "5.3"]
[White "Schrepp, Martin"]
[Black "Berczes, Csaba"]
[Result "0-1"]
[WhiteElo "2263"]
[BlackElo "2388"]
[PlyCount "54"]
[EventDate "2012.10.14"]
[EventType "team-tourn"]
[EventRounds "9"]
[EventCountry "GER"]
[SourceTitle "EXT 2014"]
[Source "ChessBase"]
[SourceDate "2013.11.20"]
[SourceVersion "1"]
[SourceVersionDate "2013.11.20"]
[SourceQuality "1"]
[WhiteTeam "Ladenburg"]
[BlackTeam "Kirchheim"]
[WhiteTeamCountry "GER"]
[BlackTeamCountry "GER"]

1. Nf3 Nf6 2. d4 e6 3. g3 b6 4. Bg2 Bb7 5. 0-0 Be7 6. c4 0-0 7. Nc3 d5 8. cxd5 exd5 9. Bf4 Na6 10. Qa4 c6 11. Ne5 b5 12. Qd1 Nc7 13. Rc1 Ne6 14. Be3 Nd7 15. Nxd7 Qxd7 16. Nb1 a5 17. Nd2 a4 18. Nf3 a3 19. b3 f6 20. Bh3 Bc8 21. Qd2 Qe8 22. Rc2 Nxd4 23. Nxd4 Bxh3 24. Nxc6 Bxf1 25. Kxf1 Rf7 26. Qxd5 Bf8 27. Qxb5 Qe4 0-1

[Event "Oberliga Baden 1213"]
[Site "Baden"]
[Date "2012.10.14"]
[Round "1.3"]
[White "Schrepp, Martin"]
[Black "Metz, Hartmut"]
[Result "1/2-1/2"]
[WhiteElo "2263"]
[BlackElo "2322"]
[PlyCount "90"]
[EventDate "2012.10.14"]
[EventType "team-tourn"]
[EventRounds "9"]
[EventCountry "GER"]
[SourceTitle "EXT 2014"]
[Source "ChessBase"]
[SourceDate "2013.11.20"]
[SourceVersion "1"]
[SourceVersionDate "2013.11.20"]
[SourceQuality "1"]
[WhiteTeam "Ladenburg"]
[BlackTeam "Kuppenheim"]
[WhiteTeamCountry "GER"]
[BlackTeamCountry "GER"]

1. Nf3 Nf6 2. g3 d5 3. Bg2 c6 4. 0-0 Bf5 5. d3 e6 6. c4 Nbd7 7. Nc3 h6 8. cxd5 cxd5 9. Qa4 a6 10. e4 b5 11. Qd1 dxe4 12. dxe4 Nxe4 13. Nd4 Nxc3 14. bxc3 Bg6 15. Bxa8 Qxa8 16. a4 b4 17. cxb4 Bxb4 18. Ba3 Bxa3 19. Rxa3 Nf6 20. Rc3 0-0 21. Nc6 Be4 22. Qd6 Nd5 23. Rc5 Qb7 24. f3 Bd3 25. Rfc1 Qb3 26. Ne7+ Nxe7 27. Qxe7 Qxa4 28. R5c3 Qd4+ 29. Kg2 Bg6 30. Qc5 Qd7 31. Qe3 Rb8 32. h4 Rb2+ 33. Kh3 h5 34. Rc7 Qd5 35. R7c5 Bf5+ 36. g4 hxg4+ 37. Kg3 Qa2 38. Kf4 Rf2 39. Kg5 gxf3 40. Rxf5 Rg2+ 41. Kh5 exf5 42. Rc8+ Kh7 43. Rh8+ Kxh8 44. Qe8+ Kh7 45. Qh8+ Kxh8 1/2-1/2

[Event "Bundesliga 1112"]
[Site "Germany"]
[Date "2012.03.17"]
[Round "12.8"]
[White "Schrepp, Martin"]
[Black "Bluebaum, Matthias"]
[Result "0-1"]
[WhiteElo "2268"]
[BlackElo "2388"]
[PlyCount "60"]
[EventDate "2011.10.14"]
[EventType "team-tourn"]
[EventRounds "15"]
[EventCountry "GER"]
[SourceTitle "CBM 148"]
[Source "ChessBase"]
[SourceDate "2012.05.16"]
[SourceVersion "1"]
[SourceVersionDate "2012.05.16"]
[SourceQuality "1"]
[WhiteTeam "Hockenheim"]
[BlackTeam "Dortmund Hansa"]
[WhiteTeamCountry "GER"]
[BlackTeamCountry "GER"]

1. d4 d5 2. Nf3 Nf6 3. Bg5 Ne4 4. Bh4 c5 5. dxc5 Qa5+ 6. Nbd2 Nc6 7. e3 Bg4 8. Be2 Qb4 9. c4 Rd8 10. Qc2 g5 11. a3 Qa5 12. Bg3 Bf5 13. Qc1 dxc4 14. Bxc4 Bg7 15. b4 Nxb4 16. 0-0 Nxd2 17. Nxd2 Nc2 18. Nb3 Qa4 19. Rb1 Qxc4 20. Na5 Qa4 21. Nxb7 Rc8 22. e4 Qxe4 23. Nd6+ exd6 24. Bxd6 f6 25. Rb4 Qc6 26. Qb1 Kf7 27. Qb3+ Kg6 28. Rb7 Qe8 29. Rxa7 Qg8 30. Qb7 Ra8 0-1

[Event "Verbandsliga Nord Baden 1112"]
[Site "Germany"]
[Date "2012.02.12"]
[Round "6.4"]
[White "Tavakolian, Martin"]
[Black "Schrepp, Martin"]
[Result "1/2-1/2"]
[WhiteElo "2180"]
[BlackElo "2268"]
[PlyCount "46"]
[EventDate "2011.10.09"]
[EventType "team-tourn"]
[EventRounds "9"]
[EventCountry "GER"]
[SourceTitle "EXT 2013"]
[Source "ChessBase"]
[SourceDate "2012.11.22"]
[SourceVersion "1"]
[SourceVersionDate "2012.11.22"]
[SourceQuality "1"]
[WhiteTeam "Lindenhof"]
[BlackTeam "Hockenheim II"]
[WhiteTeamCountry "GER"]
[BlackTeamCountry "GER"]

1. e4 c5 2. d3 e6 3. g3 d5 4. Nd2 Nc6 5. Bg2 g6 6. Ngf3 Bg7 7. 0-0 Nge7 8. exd5 exd5 9. d4 cxd4 10. Nb3 Bg4 11. Bg5 0-0 12. Re1 Re8 13. h3 Bxf3 14. Qxf3 Qd6 15. Bxe7 Rxe7 16. Qxd5 Qxd5 17. Bxd5 Rae8 18. Rxe7 Rxe7 19. Bxc6 bxc6 20. Rd1 Re2 21. Nxd4 Bxd4 22. Rxd4 Rxc2 23. Ra4 Rxb2 1/2-1/2

[Event "Verbandsliga Nord Baden 1112"]
[Site "Germany"]
[Date "2011.11.27"]
[Round "3.3"]
[White "Haas, Frank Martin"]
[Black "Schrepp, Martin"]
[Result "0-1"]
[WhiteElo "2180"]
[BlackElo "2268"]
[PlyCount "68"]
[EventDate "2011.10.09"]
[EventType "team-tourn"]
[EventRounds "9"]
[EventCountry "GER"]
[SourceTitle "EXT 2013"]
[Source "ChessBase"]
[SourceDate "2012.11.22"]
[SourceVersion "1"]
[SourceVersionDate "2012.11.22"]
[SourceQuality "1"]
[WhiteTeam "Walldorf"]
[BlackTeam "Hockenheim II"]
[WhiteTeamCountry "GER"]
[BlackTeamCountry "GER"]

1. e4 g6 2. d4 c6 3. c4 Bg7 4. Nc3 d6 5. Be3 Nf6 6. Be2 0-0 7. h4 h5 8. f3 a6 9. a4 e5 10. d5 cxd5 11. cxd5 Qa5 12. Qb3 b5 13. Bd2 bxa4 14. Nxa4 Qd8 15. Nb6 Ra7 16. Ba5 Rb7 17. Qe3 Qe7 18. Rc1 Bd7 19. Nh3 Bxh3 20. Rxh3 Ne8 21. g4 hxg4 22. fxg4 f5 23. g5 Nc7 24. h5 f4 25. Qg1 f3 26. Bxf3 gxh5 27. Bxh5 Rf4 28. Bg6 Nd7 29. Nc8 Qd8 30. Nxd6 Rxb2 31. Bxc7 Qe7 32. Qh1 Nf8 33. Bf5 Qxg5 34. Nc4 Rf1+ 0-1

[Event "Oberliga Baden 0910"]
[Site "Germany"]
[Date "2010.03.21"]
[Round "8.8"]
[White "Schmitt, Philipp"]
[Black "Schrepp, Martin"]
[Result "1/2-1/2"]
[WhiteElo "2046"]
[BlackElo "2288"]
[PlyCount "57"]
[EventDate "2009.10.18"]
[EventType "team-tourn"]
[EventRounds "9"]
[EventCountry "GER"]
[SourceTitle "EXT 2011"]
[Source "ChessBase"]
[SourceDate "2010.11.26"]
[SourceVersion "1"]
[SourceVersionDate "2010.11.26"]
[SourceQuality "1"]
[WhiteTeam "Bad Mergentheim"]
[BlackTeam "Hockenheim"]
[WhiteTeamCountry "GER"]
[BlackTeamCountry "GER"]

1. e4 c5 2. Nf3 Nc6 3. d4 cxd4 4. Nxd4 Nf6 5. Nc3 e6 6. Ndb5 Bb4 7. a3 Bxc3+ 8. Nxc3 d5 9. exd5 exd5 10. Bd3 0-0 11. 0-0 h6 12. Bf4 d4 13. Ne2 Qd5 14. Qd2 Bf5 15. Bxf5 Qxf5 16. Nxd4 Nxd4 17. Qxd4 Rfd8 18. Qe5 Qxc2 19. Rac1 Qb3 20. Rc3 Qd5 21. Rc7 Rac8 22. h3 Qxe5 23. Bxe5 Rxc7 24. Bxc7 Rd2 25. Be5 Nd5 26. Rc1 f6 27. Rc8+ Kh7 28. Bc3 Nxc3 29. bxc3 1/2-1/2

[Event "Oberliga Baden 0910"]
[Site "Germany"]
[Date "2010.02.07"]
[Round "6.7"]
[White "Schrepp, Martin"]
[Black "Weiler, Wolfgang"]
[Result "1/2-1/2"]
[WhiteElo "2288"]
[BlackElo "2221"]
[PlyCount "63"]
[EventDate "2009.10.18"]
[EventType "team-tourn"]
[EventRounds "9"]
[EventCountry "GER"]
[SourceTitle "EXT 2011"]
[Source "ChessBase"]
[SourceDate "2010.11.26"]
[SourceVersion "1"]
[SourceVersionDate "2010.11.26"]
[SourceQuality "1"]
[WhiteTeam "Hockenheim"]
[BlackTeam "Slavija KA"]
[WhiteTeamCountry "GER"]
[BlackTeamCountry "GER"]

1. d4 Nf6 2. Nf3 e6 3. Bg5 d5 4. e3 Be7 5. Nbd2 Nbd7 6. Bd3 0-0 7. 0-0 c5 8. c3 b6 9. Qa4 Bb7 10. Ne5 c4 11. Bb1 Nxe5 12. dxe5 Nd7 13. Bxe7 Qxe7 14. Qc2 g6 15. f4 f6 16. exf6 Rxf6 17. Nf3 Raf8 18. Qd2 e5 19. g3 Qc5 20. Rf2 e4 21. Nd4 Qc8 22. Bc2 Nc5 23. b4 Nd3 24. Rff1 Qe8 25. a4 Bc8 26. Qg2 Bd7 27. h3 h5 28. a5 b5 29. Kh2 Qc8 30. Bd1 a6 31. Be2 Kg7 32. Rab1 1/2-1/2